Advanced accountancy: corporate accounting Vol. II (Record no. 148128)

MARC details
000 -LEADER
fixed length control field 00704nam a2200277Ia 4500
003 - CONTROL NUMBER IDENTIFIER
control field OSt
005 - DATE AND TIME OF LATEST TRANSACTION
control field 20220209144257.0
008 - FIXED-LENGTH DATA ELEMENTS--GENERAL INFORMATION
fixed length control field 210210b2011 xxu||||| |||| 00| 0 eng d
020 ## - INTERNATIONAL STANDARD BOOK NUMBER
International Standard Book Number 9788127251604
040 ## - CATALOGING SOURCE
Transcribing agency
041 ## - LANGUAGE CODE
Language code of text/sound track or separate title eng
082 ## - DEWEY DECIMAL CLASSIFICATION NUMBER
Classification number 657.046 JAIA
100 ## - MAIN ENTRY--PERSONAL NAME
Personal name JAIN (S P)
9 (RLIN) 18611
245 ## - TITLE STATEMENT
Title Advanced accountancy: corporate accounting Vol. II
260 ## - PUBLICATION, DISTRIBUTION, ETC.
Place of publication, distribution, etc. Ludhiana
Name of publisher, distributor, etc. Kalyani Publishers
Date of publication, distribution, etc. 2011
300 ## - PHYSICAL DESCRIPTION
Extent 1294
650 ## - SUBJECT ADDED ENTRY--TOPICAL TERM
Topical term or geographic name entry element V
9 (RLIN) 18612
650 ## - SUBJECT ADDED ENTRY--TOPICAL TERM
Topical term or geographic name entry element II:corporate
9 (RLIN) 18613
650 ## - SUBJECT ADDED ENTRY--TOPICAL TERM
Topical term or geographic name entry element Advanced
9 (RLIN) 18614
650 ## - SUBJECT ADDED ENTRY--TOPICAL TERM
Topical term or geographic name entry element accounting
9 (RLIN) 18615
650 ## - SUBJECT ADDED ENTRY--TOPICAL TERM
Topical term or geographic name entry element accountancy
9 (RLIN) 18616
690 ## - LOCAL SUBJECT ADDED ENTRY--TOPICAL TERM (OCLC, RLIN)
Topical term or geographic name as entry element Accountancy
9 (RLIN) 18617
700 ## - ADDED ENTRY--PERSONAL NAME
Personal name NARANG (K L)
9 (RLIN) 18618
906 ## - LOCAL DATA ELEMENT F, LDF (RLIN)
a 066583
942 ## - ADDED ENTRY ELEMENTS (KOHA)
Source of classification or shelving scheme Dewey Decimal Classification
Koha item type Book
Holdings
Withdrawn status Lost status Source of classification or shelving scheme Damaged status Not for loan Collection code Home library Current library Date acquired Source of acquisition Cost, normal purchase price Total Checkouts Full call number Barcode Date last seen Price effective from Koha item type
    Dewey Decimal Classification     Commerce St Aloysius Library St Aloysius Library 02/17/2021 AK Enterprises 395.00   657.046 JAIA 066583 02/17/2021 02/17/2021 Book